Großstädte Österreichs - Statistiken

Allgemein
  • Dieses Quiz wurde 281 mal gespielt
  • Das Durchschnittsergebnis liegt bei 6 aus 6
Antwortstatistiken
Bundesland Einwohner Stadt % Korrekt
Wien 1'897 k Wien
100%
Salzburg 154 k Salzburg
98%
Steiermark 289 k Graz
96%
Oberösterreich 206 k Linz
94%
Tirol 132 k Innsbruck
93%
Kärnten 101 k Klagenfurt am Wörthersee
79%
Keine übereinstimmenden Quizze gefunden
Verteilung der Resultate
Anzahl Personen mit jedem Resultat
Perzentil nach korrekt beantworteten Fragen
Ihre Resultats-Entwicklung
Sie haben dieses Quiz noch nicht gespielt